000 00815nam a2200265 i 4500
001 000033982
003 DO-SdBNP
005 20230523151045.0
007 ta
008 110919s1954 mx 000 0 spa d
040 _aDO-SdBNP
_bspa
_cBNPHU
_erda
082 4 _222
_bA545h
100 1 _aAnderson Imbert, Enrique,
_d1910-2000
_914134
245 1 0 _aHistoria de la literatura hispanoamerica II /
_cEnrique Anderson Imbert /.
264 _aMéxico :
_bFondo de Cultura Económica,
_c1954.
300 _a388 páginas ;
_c17 cm.
336 _2rdacontent
_atexto
_btxt
337 _2rdamedia
_asin mediación
_bn
338 _2rdacarrier
_avolumen
_bnc
490 _aBreviarios
_v156
505 0 _gTercera parte :
_tÉpoca contemporanea
590 _aInventariado, 2023/BT
910 _aBtavárez
942 _2ddc
_cLBS1
999 _c33473
_d33473